000
00223nam a2200121Ia 4500
100
_a
#N/A
650
_a
Computer/ IT
942
_c
BK
654
_a
power user
245
_a
Power user
260
_b
#N/A
546
_a
ENGLISH
999
_c
18226
_d
18226